000 01595nam a22003857a 4500
003 CHAP
005 20220329143759.0
008 110811s2011 mx r 00010 sp d
010 _a101799
011 _a102771
035 _a113460
040 _cCHAP
090 _aTesis
100 1 _aMuñoz Hernández, Anabel.
_979607
245 1 0 _aProceso operativo y manejo de las áreas verdes urbanas en el Distrito Federal:
_bánalisis y propuestas
_h[En línea]
_c/por Anabel Muñoz Hernández
260 _aChapingo, Méx. :
_bEl autor,
_c2011
500 _aPara ver el contenido del material Haga clic en la liga
502 _aTesis (Ing. en Agroecologia) -- UACH. Departamento de Enseñanza, Investigación y Servicio en Agroecologia
590 _aALEPH
_b10
_c20130110
_lUCH01
_h1541
590 _aBATCH-UPD
_b10
_c20130110
_lUCH01
_h1604
590 _aBATCH-UPD
_b10
_c20130410
_lUCH01
_h1001
590 _aBATCH-UPD
_b10
_c20130914
_lUCH01
_h1235
590 _aBATCH-UPD
_b10
_c20140324
_lUCH01
_h1527
590 _aBATCH-UPD
_b10
_c20141002
_lUCH01
_h0850
590 _aCONVERSION
_b10
_c20130109
_lUCH01
_h1356
650 1 4 _aArboricultura urbana
_xMexico (D.F.)
_96701
650 1 4 _aEcología urbana.
_935187
650 1 4 _aJardines
_xMéxico (D.F.)
_961154
650 1 4 _aMedio ambiente
_xProtección
_zMéxico (D.F.).
_974112
856 _3Finding aid
_uhttp://10.13.5.2/tesis/113460.pdf
_zTeclea aqui
901 _aBK
942 _cFOLL
949 _aTesis
_bBC
_cTES
_d33724002300272
_eTS1
_gDonaciØn
_h52586
_i113460
_st
949 _aTesis
_bBC
_cTES
_d33724002300314
_eTS2
_fc.2
_gDonaciØn
_h52587
_i113460
_st
999 _c101799
_d101799